=LDR 00000nam 2200000 4500 =001 INLIS000000000031721 =005 20210506104819 =035 ##$$a 0010-061300000031721 =008 210506################g##########0#ind## =041 ##$$a ind =082 ##$$a 338.9 =090 ##$$a 338.9, Nus r =100 ##$$a NUSA TENGGARA BARAT =245 1#$$a Rencana Pembangunan Jangka Menengah Daerah Provinsi Nusa Tenggara Barat 2009-2013 =260 ##$$a Mataram :$b {s.l},$c 2009 =300 ##$$a 114 hlm. : $b ilus. ; $c 23 x 15 cm. =650 #4$$a PEMBANGUNAN DAERAH - NUSA TENGGARA BARAT =850 ##$$a NBPNMAT =084 ##$$a 338.9 NUS r =990 ##$$a 20903925 =990 ##$$a 20903922 =990 ##$$a 20903924 =990 ##$$a 20903923 =990 ##$$a 20903922 =990 ##$$a 20903925 =990 ##$$a 20903924 =990 ##$$a 20903923